LEADER 01085nam a2200265 4500 001 000000367476 003 CaOOAMICUS 005 20260428084855.0 008 260428s2026 it a 000 u ita r 020 $a978-88-328-5879-2 040 $aSeMil$bita 100 1 $aRiva, Nicola.$0(OLS)http://semarc/name/48323 245 10$aJohn Rawls :$buna filosofia della giustizia /$cNicola Riva. 264 1$aMilano :$bRaffaello Cortina,$c2026. 300 $a217 p. ;$c23 cm 490 1 $aSaggi ;$v169 504 $aBibliografia, p. 195-217 600 14$aRawls, John <1921-2002>.$0(OLS)http://semarc/subject/26189 830 0$aSaggi ;$v169.$0(OLS)http://semarc/title/446916 850 $aSeMil 852 $aSeMil$W1$xVenegono$y1$m2NA N 169$j271084$B258172$CSeMilBibl$Z2$F258172 $81 996 $6020$a978-88-328-5879-2$9(OLS)http://semarc/number/305760 996 $6245$aJohn Rawls :$buna filosofia della giustizia$9(OLS)http://semarc/title/459416 996 $6264$aMilano :$bRaffaello Cortina$9(OLS)http://semarc/publisher/31196